000
00284nam a2200097Ia 4500
008
240709s9999 xx 000 0 und d
041
_a
eng
100
_a
Alfred V. Aho, John E. Hopcroft, Jeffrey D. Ullman
_9
207816
245
_a
Data Structures & Algorithms
260
_b
Pearson Education
999
_c
358967
_d
358967